01375naa a22003617a 4500001001000000003000900010005001700019007000300036008003400039040005400073041000900127072003100136090001800167100001900185100001600204100001700220100001800237245007200255246006900327246004000396500010000436773009900536650000900635650002400644650002000668650001800688650001100706490008600717942001500803909004000818999001900858952013600877BR8600872BR-BrBNA20250721154500.0ta250630b bl.|||m| |||| 00| 0 por d aBR-BrBNAbporcBiblioteca Nacional de Agricultura a(Pt) aP35; F61b0336b3801bG514 aP35 BR86008721 aLantmann, A.F.1 aCampo, R.J.1 aSfredo, G.J.1 aBorkert, C.M.1 aLevantamento do estado nutricional da soja no municipio de Londrina1 a[Survey on the nutritional status of soybean in Londrina county]1 a[Soybean research findings 1984/85] aResultados de pesquisa de soja 1984/85 Londrina, PR (Brasil): 1985. p. 290-291 (BR8600872-AMS) 0 tResultados de pesquisa de soja 1984/85wP35 BR8600872gLondrina, PR (Brasil), 1985. p. 290-291 aSOJA aFERTILIDADE DO SOLO aANALISE DO SOLO aMACROELEMENTO aPARANA aDocumentos - Centro Nacional de Pesquisa de Soja (Brazil)vno. 15xISSN 0101-5494 cAMS2AGRIS a202506bLúciac55dLúcia Elande c335087d335087 002AGRIS40708AGROBASEa41918b41918l0o0336 BR9602654r2025-06-30t01yAMS10d2025-06-30ePortaria Interministerial nº 164/94